ITALIANO PARA TODOS (Registro nro. 2046)
[ vista simple ]
| 000 -LEADER | |
|---|---|
| fixed length control field | 00662nam a22002057a 4500 |
| 003 - CONTROL NUMBER IDENTIFIER | |
| control field | OSt |
| 005 - DATE AND TIME OF LATEST TRANSACTION | |
| control field | 20260407115752.0 |
| 008 - FIXED-LENGTH DATA ELEMENTS--GENERAL INFORMATION | |
| fixed length control field | 260407b |||||||| |||| 00| 0 ESP d |
| 082 ## - DEWEY DECIMAL CLASSIFICATION NUMBER | |
| Edition number | 226605046 |
| 100 ## - MAIN ENTRY--PERSONAL NAME | |
| Personal name | BABEL Idiomas |
| 245 ## - TITLE STATEMENT | |
| Title | ITALIANO PARA TODOS |
| 250 ## - EDITION STATEMENT | |
| Edition statement | PRIMERA EDICION |
| 260 ## - PUBLICATION, DISTRIBUTION, ETC. | |
| Place of publication, distribution, etc. | JESUS MARIA - PERU |
| Name of publisher, distributor, etc. | BABEL IDIOMAS |
| Date of publication, distribution, etc. | 2000 |
| 300 ## - PHYSICAL DESCRIPTION | |
| Extent | 288 PAG |
| Dimensions | LIBRO DE BOLSILLO |
| 490 ## - SERIES STATEMENT | |
| Materials specified | HOJA BLANDA |
| 520 ## - SUMMARY, ETC. | |
| Summary, etc. | El curso de auto-aprendizaje más fácil del mundo... italiano |
| 650 ## - SUBJECT ADDED ENTRY--TOPICAL TERM | |
| Topical term or geographic name entry element | italiano para todos |
| Form subdivision | la pronunciacion , concordancia de los objetivos |
| General subdivision | presente del indicativo |
| 700 ## - ADDED ENTRY--PERSONAL NAME | |
| Personal name | Babel idiomas |
| 942 ## - ADDED ENTRY ELEMENTS (KOHA) | |
| Source of classification or shelving scheme | Dewey Decimal Classification |
| Koha item type | Acceso Libre |
| Suppress in OPAC | No |
| Withdrawn status | Lost status | Source of classification or shelving scheme | Damaged status | Not for loan | Collection | Home library | Current library | Shelving location | Date acquired | Source of acquisition | Coded location qualifier | Inventory number | Total checkouts | Full call number | Barcode | Date last seen | Copy number | Price effective from | Koha item type |
|---|---|---|---|---|---|---|---|---|---|---|---|---|---|---|---|---|---|---|---|
| Dewey Decimal Classification | Estantería E Fila 3 | Biblioteca Stanford | Biblioteca Stanford | Biblioteca Abierta | 07.04.2026 | IDIOMAS | 0470 | 0470 | Italiano | IDIOMA0470 | 07.04.2026 | 1 | 07.04.2026 | Acceso Libre |